Quiz o piłkarzach #.2 - Statystyki

Ogólne statystyki
  • Ten quiz został rozwiązany 42 razy
  • Średni wynik to 5 z 7
Statystyki odpowiedzi
Obrazkowy Odpowiedź % Poprawnych
Messi
97%
Ronaldo
97%
Mbappe
86%
Haland
74%
Smolarek
60%
Szymański
60%
C.Ronaldo
17%
Nie znaleziono quizów pasujących do podanych kryteriów
Rozkład punktacji
Procent ludzi z każdym wynikiem
Percentyl według liczby udzielonych odpowiedzi
Twoja historia wyników
Nie rozwiązałeś tego quizu